000 00261nam a2200109 a 4500
005 20140513081050.0
008 020606s19uu xx 00 eng d
050 _aP 305.31
_bGAM
245 _aGamit panlalake(Mga).
650 _aClothing--Poster
999 _c116294
_d116294